El aprendizaje de la tolerancia : (Record no. 149366)

MARC details
000 -CABECERA
campo de control de longitud fija 00576nam a2200193 u 4500
005 - FECHA Y HORA DE LA ÚLTIMA TRANSACCIÓN
campo de control 20221021063449.0
008 - ELEMENTOS DE LONGITUD FIJA--INFORMACIÓN GENERAL
campo de control de longitud fija 100810s2007 es r 000 0 spa d
020 ## - NÚMERO INTERNACIONAL NORMALIZADO PARA LIBROS
Número Internacional Estándar del Libro 8496620131 (10 dígitos)
020 ## - NÚMERO INTERNACIONAL NORMALIZADO PARA LIBROS
Número Internacional Estándar del Libro 9788496620131 (13 dígitos)
035 ## - NÚMERO DE CONTROL DEL SISTEMA
Número de control de sistema UPN01000177263
049 ## - COLECCIÓN
Colección CG
050 #4 - SIGNATURA TOPOGRÁFICA DE LA BIBLIOTECA DEL CONGRESO
Número de clasificación BJ1435
Número de documento/Ítem B4.2
100 1# - ASIENTO PRINCIPAL--NOMBRE PERSONAL
Nombre de persona Bernad Mainar, Juan Antonio
9 (RLIN) 34990
245 13 - MENCIÓN DE TÍTULO
Título El aprendizaje de la tolerancia :
Resto del título bases psicológicas /
Mención de responsabilidad, etc. Juan Antonio Bernad.
260 ## - PUBLICACIÓN, DISTRIBUCIÓN, ETC.
Lugar de publicación, distribución, etc. Madrid :
Nombre del editor, distribuidor, etc. Hergué :
-- ICE,
Fecha de publicación, distribución, etc. 2007.
300 ## - DESCRIPCIÓN FÍSICA
Extensión 267 p.
650 #2 - ASIENTO SECUNDARIO DE MATERIA - TERMINO TEMATICO
Término de materia o nombre geográfico como elemento de entrada Tolerancia
9 (RLIN) 1399
905 ## - TIPO DE MATERIAL
Tipo de material Libro
Holdings
Estado de retiro Estado de pérdida Fuente del sistema de clasificación o colocación Estado dañado No para préstamo Código de colección Localización permanente Ubicación/localización actual Ubicación en estantería Total de préstamos Clasificación Código de barras Fecha visto por última vez Número de copia Tipo de ítem Koha
    Library of Congress Classification     Colección General Bib. Gregorio Torres Quintero Bib. Gregorio Torres Quintero Planta baja   BJ1435 B4.2 275241 31/12/2020 1 Libro
    Library of Congress Classification     Colección General Bib. Gregorio Torres Quintero Bib. Gregorio Torres Quintero Planta baja 1 BJ1435 B4.2 275240 31/12/2020 1 Libro
    Library of Congress Classification     Colección General Bib. Gregorio Torres Quintero Bib. Gregorio Torres Quintero Planta baja 6 BJ1435 B4.2 275239 31/12/2020 1 Libro